00412nam a22001217a 4500003000500000082000800005245011000013264003700123300001200160650002400172700003700196856005700233NUST a200 aMicroservice-Oriented Distributed framework for resource intensive workloads /cMuhammad Ehtisham Mubarik aIslamabad :bSEECS, NUST,c2021. a35 p. ; aMS-Computer science aSupervisor: Dr. Asad Waqar Malik uhttp://10.250.8.41:8080/xmlui/handle/123456789/28307